| 000 | 00431cam a2200181ua 4500 | ||
|---|---|---|---|
| 020 | _c1.00 | ||
| 041 |
_ahin _h |
||
| 082 |
_a891.43 _bRAM/NE |
||
| 100 | _aRamdhari Singh, Dinakar. | ||
| 245 |
_aNeem ke pathe / _cRamdhari singh dinakar. _hTextual Documents |
||
| 250 |
_a3 / _b. |
||
| 260 |
_aPatna : _bUdayanchal , _c1963. |
||
| 300 | _a39 ; . | ||
| 365 | _a1.00 | ||
| 504 | _a | ||
| 942 | _cBK | ||
| 999 |
_c12150 _d12150 |
||